=LDR 00000nam 2200000 4500 =001 INLIS000000000034556 =005 20130612140446 =008 ***********************************Ind** =035 ##$$0010-061300000034556 =041 ##$$a Ind =082 ##$$a 610.7 =090 ##$$a 610.7, Har r =100 ##$$a Harr, Robert R =245 ##$$a Resensi ilmu laboratotium klinis, Robert R. Harr =260 ##$$a 2002 $b Jakarta =300 ##$$a 351 hlm, 28 cm =650 ##$$a Kedokteran =850 ##$$a NBPNMAT